000 01142cam a2200157 4500500
005 20260322002410.0
041 _afre
042 _adc
100 1 0 _aJay, Emmanuelle
_eauthor
245 0 0 _aWhat emerges from the force of our fists: Clinical approach to the extreme traumas of migratory journeys via psychoboxing
260 _c2026.
500 _a37
520 _aPermanent contracts no longer necessarily offer the level of stability they once did. According to data from the Génération surveys, since 2020, there has been an increase in the number of young people leaving permanent contracts after their first few years of working life. The sector of activity is of key importance: some offer stable career paths despite interruptions in permanent contracts, while others are more prone to sudden terminations and long-term exits from the labour market. A sectoral map of early careers is emerging, oscillating between stability and precariousness.
786 0 _nLe Coq-héron | 263 | 4 | 2026-02-04 | p. 167-177 | 0335-7899
856 4 1 _uhttps://shs.cairn.info/journal-le-coq-heron-2025-4-page-167?lang=en&redirect-ssocas=7080
999 _c1723022
_d1723022